Biblioteca "Ernesto Sabato"
Facultad de Derecho y Ciencias Sociales
Facultad de Lenguas
Universidad Nacional del Comahue

Que hacer? : teoría y práctica del bolchevismo (Record no. 12875)

MARC details
000 -CABECERA
campo de control de longitud fija 00619cam a22001932a 4500
001 - NÚMERO DE CONTROL
campo de control 007061
003 - IDENTIFICADOR DEL NÚMERO DE CONTROL
campo de control AR-FADEU
008 - DATOS DE LONGITUD FIJA--INFORMACIÓN GENERAL
campo de control de longitud fija 311216n1977####xxu####################dd
092 ## - ASIGNACIÓN LOCAL DE SIGNATURA TOPOGRÁFICA DEWEY (OCLC)
Número de clasificación 320.532 2
Número de documento/Ítem L563q
100 ## - ENTRADA PRINCIPAL--NOMBRE DE PERSONA
Nombre de persona Lenin, Nicolai seud. de Vladimir Ulich Ulianov
245 ## - MENCIÓN DE TÍTULO
Título Que hacer? : teoría y práctica del bolchevismo
260 ## - PUBLICACIÓN, DISTRIBUCIÓN, ETC. (PIE DE IMPRENTA)
Lugar de publicación, distribución, etc. México
260 ## - PUBLICACIÓN, DISTRIBUCIÓN, ETC. (PIE DE IMPRENTA)
Nombre del editor, distribuidor, etc. Ediciones Era
260 ## - PUBLICACIÓN, DISTRIBUCIÓN, ETC. (PIE DE IMPRENTA)
Fecha de publicación, distribución, etc. 1977
300 ## - DESCRIPCIÓN FÍSICA
Extensión 509 p
440 ## - MENCIÓN DE SERIE/PUNTO DE ACCESO ADICIONAL--TÍTULO
Título El hombre y su tiempo
650 ## - PUNTO DE ACCESO ADICIONAL DE MATERIA--TÉRMINO DE MATERIA
Término de materia o nombre geográfico como elemento inicial ESTADO; CIENCIA POLITICA; POLITICO-TEORIA; MARXISMO; HISTORIA-URSS; PARTIDOS POLITICOS; LUXEMBURGO, ROSA DE; MATERIALISMO HISTORICO
942 ## - ELEMENTOS DE PUNTO DE ACCESO ADICIONAL (KOHA)
Tipo de ítem Koha BDGR
Holdings
Estado de retiro Estado de pérdida Estado dañado No para préstamo Localización permanente Ubicación/localización actual Fecha de adquisición Número de inventario Total de préstamos Signatura topográfica completa Código de barras Fecha visto por última vez Precio válido a partir de Tipo de ítem Koha
        Biblioteca Ernesto Sabato - FADECS - UNCOMA Biblioteca Ernesto Sabato - FADECS - UNCOMA 21/02/2017 4034   320.532 2 L563q 4034 21/02/2017 21/02/2017 BDGR
Facultad de Derecho y Ciencias Sociales | Universidad Nacional del Comahue | Mendoza y Perú General Roca | Río Negro CP (8332) | Patagonia Argentina | Teléfono: 54-0298-4433670 | | Fax: 0298-4432093 | Fax alumnos: 0298-4435700